Planeación territorial, políticas públicas y desarrollo regional en México / (Record no. 112978)

MARC details
000 -CABECERA
campo de control de longitud fija 00831nam a2200217 a 4500
005 - FECHA Y HORA DE LA ÚLTIMA TRANSACCIÓN
campo de control 20230217122007.0
008 - ELEMENTOS DE LONGITUD FIJA--INFORMACIÓN GENERAL
campo de control de longitud fija 050923s2004 mx 000 0 spa d
020 ## - NÚMERO INTERNACIONAL NORMALIZADO PARA LIBROS
Número Internacional Estándar del Libro 9703211631
035 ## - NÚMERO DE CONTROL DEL SISTEMA
Número de control de sistema UPN01000140830
049 ## - COLECCIÓN
Colección CG
050 #4 - SIGNATURA TOPOGRÁFICA DE LA BIBLIOTECA DEL CONGRESO
Número de clasificación HT395 M6
Número de documento/Ítem P5.2
245 00 - MENCIÓN DE TÍTULO
Título Planeación territorial, políticas públicas y desarrollo regional en México /
Mención de responsabilidad, etc. coord. Javier Delgadillo Macías.
260 ## - PUBLICACIÓN, DISTRIBUCIÓN, ETC.
Lugar de publicación, distribución, etc. Cuernavaca :
Nombre del editor, distribuidor, etc. UNAM, Centro Regional de Investigaciones Multidisciplinarias,
Fecha de publicación, distribución, etc. 2004.
300 ## - DESCRIPCIÓN FÍSICA
Extensión 194 p.
440 #0 - MENCIÓN DE SERIE/ASIENTO SECUNDARIO--TÍTULO
Título Cuadernos del CRIM
650 #4 - ASIENTO SECUNDARIO DE MATERIA - TERMINO TEMATICO
Término de materia o nombre geográfico como elemento de entrada PLANIFICACION REGIONAL -
Subdivisión geográfica MEXICO -
Subdivisión de forma CONGRESOS
9 (RLIN) 3575
650 #4 - ASIENTO SECUNDARIO DE MATERIA - TERMINO TEMATICO
Término de materia o nombre geográfico como elemento de entrada Desarrollo de la comunidad
Subdivisión geográfica México
Subdivisión de forma Congresos
9 (RLIN) 19760
650 #4 - ASIENTO SECUNDARIO DE MATERIA - TERMINO TEMATICO
Término de materia o nombre geográfico como elemento de entrada GLOBALIZACION -
Subdivisión general ASPECTOS ECONOMICOS -
Subdivisión geográfica MEXICO -
Subdivisión de forma CONGRESOS
9 (RLIN) 19761
700 1# - ASIENTO SECUNDARIO--NOMBRE DE PERSONAL
Nombre de persona Delgadillo Macías, Javier,
Término indicativo de función/relación coord.
905 ## - TIPO DE MATERIAL
Tipo de material Libro
Holdings
Estado de retiro Estado de pérdida Fuente del sistema de clasificación o colocación Estado dañado No para préstamo Código de colección Localización permanente Ubicación/localización actual Ubicación en estantería Total de préstamos Clasificación Código de barras Fecha visto por última vez Número de copia Tipo de ítem Koha
    Library of Congress Classification     Colección General Bib. Gregorio Torres Quintero Bib. Gregorio Torres Quintero Planta baja   HT395 M6 P5.2 232995 31/12/2020 1 Libro